000 00343pab a2200157 454500
008 180718b2011 xxu||||| |||| 00| 0 eng d
100 _aDasgupta, Swapan
245 _aRighting the historians' wrongs
260 _c2011
300 _ap.64-67.
362 _aJan
650 _aReligion
773 _aSeminar
908 _aN
909 _a90337
999 _c90337
_d90337